000 00372nam a2200133Ia 4500
008 191014s9999 xx 000 0 und d
020 _a3764330252
082 _a530.14
_bBIR
100 _aA.Jaffe and D.Ruelle
_920264
245 0 _aVortices And Monopoles Structure of Static Gauge Theories
260 _aUSA
_bBrikhauser Boston
_c1980
300 _aV,287
942 _cBK
999 _c530834
_d530834